International Symposium on software testing and analysis
Saved in:
| 格式: | 圖書 |
|---|---|
| 語言: | 英语 |
| 出版: |
Nueva York
ACM Press
1993
|
| 叢編: | Software Engineering Notes
|
| 主題: | |
| 標簽: |
添加標簽
沒有標簽, 成為第一個標記此記錄!
|
MARC
| LEADER | 00000nam a2200000 a 4500 | ||
|---|---|---|---|
| 001 | UCT4742 | ||
| 003 | CL-VaPUC | ||
| 005 | 20240104150742.0 | ||
| 008 | 961122e19930000us 1 eng d | ||
| 082 | 0 | 4 | |a 005.1 |b INT |2 21 |
| 245 | 1 | 0 | |a International Symposium on software testing and analysis |
| 260 | |a Nueva York |b ACM Press |c 1993 | ||
| 300 | |a Pag. irreg | ||
| 490 | 0 | |a Software Engineering Notes | |
| 583 | |a last modification |c 19961122 00:00:00 |k Rodrigo Vera | ||
| 650 | 0 | 0 | |a Ingeniería de software |9 263866 |
| 650 | 0 | 0 | |a Computadores |9 258188 |
| 650 | 0 | 0 | |a Programación de computadores |9 259531 |
| 650 | 0 | 0 | |a Diseño de sistemas |9 262363 |
| 650 | 0 | 0 | |a Análisis de sistemas |9 260059 |
| 650 | 0 | 0 | |a Congresos |9 257560 |
| 650 | 0 | 0 | |a Software |9 387312 |
| 942 | |c BK | ||
| 945 | |a rleighto |d 19961122 00:00:00 | ||
| 546 | |a En Inglés | ||
| 518 | |p Proceedings of the Internatinal Symposium on software testing and analysis, Cambridge, Massachusetts, Jun 28 30, 1993 | ||
| 999 | |c 382775 |d 382773 | ||
| 952 | |0 0 |1 0 |4 0 |6 005_100000000000000_INT_1993 |7 0 |8 A |9 504658 |a BIBING |b BIBING |d 2020-01-23 |i 3251055 |o 005.1 INT 1993 |p 3251055 |r 2024-01-25 |w 2020-01-23 |y BK |k ING | ||